| 000 | 00515pab a2200169 454500 | ||
|---|---|---|---|
| 008 | 180718b2003 xxu||||| |||| 00| 0 eng d | ||
| 100 | _aPradhan, Jaya Prakash | ||
| 245 | _aForeign direct investment and economic growth in developing countries: further evidence from panel data | ||
| 260 | _c2003 | ||
| 300 | _ap.197-217. | ||
| 362 | _aAug | ||
| 650 | _aForeign investment | ||
| 650 | _aEconomic growth - Developing countries | ||
| 650 | _aEconomic growth | ||
| 773 | _aAsian Economic Review | ||
| 909 | _a58306 | ||
| 999 |
_c58306 _d58306 |
||